000 00483nam a2200181Ia 4500
001 23693
005 20260414150954.0
008 260414t2013||||xx |||||||||||||| ||spa||
041 _aESP
082 _a690.22
_bM41
100 _aMelkumyan, Mikayel
_eAUT
245 0 _aEl comportamiento no lineal de estructuras de hormigón armado bajo acciones sísmicas
_b
260 _c2013
300 _a232 páginas :
_c25 cm.
650 _a0
654 _aCIC
942 _cLIB
_dJUS
_fJUS
_2ddc
_n
999 _c23693
_d23693